| 000 | 01132cam a22003377a 4500 | ||
|---|---|---|---|
| 003 | CHAP | ||
| 005 | 20220329142636.0 | ||
| 008 | 020730d2002 es abd r 00110 spa d | ||
| 010 | _a85994 | ||
| 011 | _a86966 | ||
| 020 | _a8489822659 | ||
| 035 | _a97507 | ||
| 040 | _cCHAP | ||
| 082 | 0 | 4 |
_a634.55 _bS3 |
| 100 | 0 | 0 |
_aSalazar Hernández, Domingo M. _9101384 |
| 245 | 1 | 3 |
_aEl cultivo del almendro _c/por Domingo M. Salazar Hernández y Pablo Melgarejo Moreno |
| 260 |
_aMadrid : _bA. Madrid Vicente, _c2002 |
||
| 300 |
_a307 p. : _bilus. ; gráfs. ; mapas ; cuadros ; diagramas |
||
| 590 |
_aBATCH-UPD _b10 _c20130110 _lUCH01 _h0400 |
||
| 590 |
_aBATCH-UPD _b10 _c20130110 _lUCH01 _h2232 |
||
| 590 |
_aBATCH-UPD _b10 _c20130410 _lUCH01 _h0034 |
||
| 590 |
_aBATCH-UPD _b10 _c20130914 _lUCH01 _h0239 |
||
| 590 |
_aCONVERSION _b10 _c20130109 _lUCH01 _h1348 |
||
| 650 | 1 | 4 |
_aAlmendro. _94517 |
| 650 | 1 | 4 |
_aAlmendro _xEspaña. _94519 |
| 700 | 0 |
_aMelgarejo Moreno, Pablo. _974342 |
|
| 901 | _aBK | ||
| 905 | _aMarco A. Mendoza T. | ||
| 942 | _cLIBRO | ||
| 949 |
_a634.55 S3 _bBC _cLIBRO _d33724000869863 _eLIBRO _gI.c/e _h102761 _i97507 _si _t$368.00 |
||
| 999 |
_c85994 _d85994 |
||